<?xml version="1.0" encoding="UTF-8"?>
<record
    xmlns:xsi="http://www.w3.org/2001/XMLSchema-instance"
    xsi:schemaLocation="http://www.loc.gov/MARC21/slim http://www.loc.gov/standards/marcxml/schema/MARC21slim.xsd"
    xmlns="http://www.loc.gov/MARC21/slim">

  <leader>01316nam a22002177a 4500</leader>
  <controlfield tag="003">OSt</controlfield>
  <controlfield tag="005">20230711125017.0</controlfield>
  <controlfield tag="008">230705s2015    |||||||| |||| 00| 1 spa d</controlfield>
  <datafield tag="020" ind1=" " ind2=" ">
    <subfield code="a">9789500437103</subfield>
  </datafield>
  <datafield tag="040" ind1=" " ind2=" ">
    <subfield code="b">spa</subfield>
    <subfield code="c">besoc</subfield>
  </datafield>
  <datafield tag="100" ind1="1" ind2=" ">
    <subfield code="a">Blake, Nicholas </subfield>
    <subfield code="d">(1904-1972)</subfield>
    <subfield code="e">autor</subfield>
  </datafield>
  <datafield tag="245" ind1="1" ind2="3">
    <subfield code="a">La bestia debe morir /</subfield>
    <subfield code="c">Nicholas Blake ; traducci&#xF3;n de J. R. Wilcock</subfield>
  </datafield>
  <datafield tag="250" ind1=" " ind2=" ">
    <subfield code="a">1a ed.</subfield>
  </datafield>
  <datafield tag="260" ind1=" " ind2=" ">
    <subfield code="a">Buenos Aires :</subfield>
    <subfield code="b">Emec&#xE9;, </subfield>
    <subfield code="c">2015</subfield>
  </datafield>
  <datafield tag="300" ind1=" " ind2=" ">
    <subfield code="a">270 p.</subfield>
  </datafield>
  <datafield tag="490" ind1=" " ind2=" ">
    <subfield code="a">El s&#xE9;ptimo c&#xED;rculo / colecci&#xF3;n creada por Jorge Luis Borges y Adolfo Bioy Casares</subfield>
  </datafield>
  <datafield tag="520" ind1=" " ind2=" ">
    <subfield code="a">Un autor de novelas policiales cuyo hijo ha sido asesinado por un desconocido decide vengar esa muerte. Tiene un plan perfecto y todo est&#xE1; listo; cuando parece que ya no hay salida (para la bestia) que cometi&#xF3; la atrocidad que perturba incesantemente al escritor, ocurre lo inesperado. La novela es el diario minucioso que registra la b&#xFA;squeda del culpable y que permite al lector acompa&#xF1;ar cada instante en la planificaci&#xF3;n de la venganza de un padre desencajado por el dolor... "Voy a matar a un hombre. No s&#xE9; c&#xF3;mo se llama, no s&#xE9; donde vive, no tengo idea de su aspecto. Pero voy a encontrarlo y lo matar&#xE9;" [Nota del editor].</subfield>
  </datafield>
  <datafield tag="650" ind1=" " ind2="4">
    <subfield code="a">Literatura inglesa</subfield>
    <subfield code="v">Novelas </subfield>
    <subfield code="y">Siglo XX</subfield>
  </datafield>
  <datafield tag="700" ind1=" " ind2=" ">
    <subfield code="a">Wilcock,  J. R.</subfield>
    <subfield code="e">traductor</subfield>
  </datafield>
  <datafield tag="942" ind1=" " ind2=" ">
    <subfield code="2">udc</subfield>
    <subfield code="c">OG</subfield>
    <subfield code="n">0</subfield>
  </datafield>
  <datafield tag="999" ind1=" " ind2=" ">
    <subfield code="c">19</subfield>
    <subfield code="d">19</subfield>
  </datafield>
  <datafield tag="952" ind1=" " ind2=" ">
    <subfield code="0">0</subfield>
    <subfield code="1">0</subfield>
    <subfield code="2">udc</subfield>
    <subfield code="4">0</subfield>
    <subfield code="7">0</subfield>
    <subfield code="8">CG</subfield>
    <subfield code="a">ESOCIALES</subfield>
    <subfield code="b">ESOCIALES</subfield>
    <subfield code="d">2023-07-05</subfield>
    <subfield code="l">0</subfield>
    <subfield code="o">82-312.4(410) B636</subfield>
    <subfield code="p">000654</subfield>
    <subfield code="r">2023-07-05 00:00:00</subfield>
    <subfield code="w">2023-07-05</subfield>
    <subfield code="y">OG</subfield>
  </datafield>
</record>
